[Event "La Fere op 11th"]
[Site "La Fere"]
[Date "2012.07.09"]
[Round "4"]
[White "Calonne, Pascal"]
[Black "Rouffignac, Marie"]
[Result "0-1"]
[WhiteElo "1558"]
[BlackElo "1689"]
[PlyCount "126"]
[EventDate "2012.07.07"]
[EventType "swiss"]
[EventRounds "9"]
[EventCountry "FRA"]
[SourceTitle "CBM 149 Extra"]
[Source "ChessBase"]
[SourceDate "2012.08.24"]
[SourceVersion "1"]
[SourceVersionDate "2012.08.24"]
[SourceQuality "1"]

1. Nf3 Nf6 2. c4 g6 3. d4 Bg7 4. Nc3 d5 5. e3 0-0 6. Qb3 dxc4 7. Bxc4 c5 8. 0-0 Nc6 9. Be2 cxd4 10. Nxd4 Nxd4 11. exd4 Qxd4 12. Be3 Qe5 13. Rad1 b6 14. Bf3 Rb8 15. Rfe1 Qa5 16. Bf4 Be6 17. Qb5 Qxb5 18. Nxb5 Rbd8 19. b3 Rxd1 20. Rxd1 a6 21. Na7 Bg4 22. Bxg4 Nxg4 23. Nc6 Re8 24. h3 e5 25. Bg3 Nh6 26. f3 Nf5 27. Bf2 Nd4 28. Nb4 a5 29. Nd3 Rc8 30. Bxd4 exd4 31. Rc1 Rxc1+ 32. Nxc1 Bh6 33. Nd3 Be3+ 34. Kf1 f6 35. Ke2 Kf7 36. g4 f5 37. gxf5 gxf5 38. f4 Ke6 39. Kf3 Kd5 40. Nb2 b5 41. Nd1 a4 42. Nxe3+ dxe3 43. Kxe3 axb3 44. axb3 Kc5 45. Kd3 Kb4 46. Kd4 Kxb3 47. Ke5 Kc4 48. Kxf5 b4 49. Ke6 b3 50. f5 b2 51. f6 b1Q 52. f7 Qg6+ 53. Ke7 Qg7 54. Ke8 Qe5+ 55. Kd7 Qf6 56. Ke8 Qe6+ 57. Kf8 Kd5 58. Kg8 Qg6+ 59. Kh8 Qxf7 60. h4 Ke6 61. h5 Qf8+ 62. Kxh7 Kf7 63. h6 Qg8# 0-1

[Event "La Fere op"]
[Site "La Fere"]
[Date "2010.07.05"]
[Round "4"]
[White "Guille, Nicolas"]
[Black "Calonne, Pascal"]
[Result "0-1"]
[WhiteElo "1782"]
[BlackElo "1568"]
[PlyCount "88"]
[EventDate "2010.07.03"]
[EventType "swiss"]
[EventRounds "9"]
[EventCountry "FRA"]
[SourceTitle "CBM 137 Extra"]
[Source "ChessBase"]
[SourceDate "2010.09.01"]
[SourceVersion "1"]
[SourceVersionDate "2010.09.01"]
[SourceQuality "1"]

1. e4 c5 2. Nf3 e6 3. d4 cxd4 4. Nxd4 a6 5. Nc3 Qc7 6. Nf3 Nc6 7. Bc4 Nf6 8. Bb3 Bd6 9. 0-0 0-0 10. Re1 Ng4 11. g3 Nge5 12. Nh4 Be7 13. Ng2 Na5 14. Bf4 Bf6 15. Ne3 d6 16. Ng4 Nxg4 17. Bxd6 Qb6 18. Qxg4 Qxd6 19. Rad1 Qc7 20. Rd3 Nc4 21. Bxc4 Qxc4 22. b3 Qc7 23. Ree3 b5 24. f4 Bxc3 25. Rxc3 Qb6 26. Kg2 Bb7 27. a3 Rac8 28. f5 exf5 29. Qxf5 Rxc3 30. Rxc3 Qd4 31. Qc5 Bxe4+ 32. Kf1 Qxc5 33. Rxc5 Rb8 34. Kf2 g6 35. b4 Rb6 36. c4 bxc4 37. Rxc4 Bc6 38. Ke3 Bb5 39. Rd4 f5 40. Kf4 Kg7 41. g4 fxg4 42. Kxg4 Re6 43. Rf4 Re3 44. h4 Be2+ 0-1

[Event "La Fere op 8th"]
[Site "La Fere"]
[Date "2009.07.11"]
[Round "9"]
[White "Guille, Nicolas"]
[Black "Calonne, Pascal"]
[Result "1-0"]
[WhiteElo "1782"]
[BlackElo "1545"]
[PlyCount "53"]
[EventDate "2009.07.04"]
[EventType "swiss"]
[EventRounds "9"]
[EventCountry "FRA"]
[SourceTitle "CBM 131 Extra"]
[Source "ChessBase"]
[SourceDate "2009.09.03"]
[SourceVersion "2"]
[SourceVersionDate "2009.09.16"]
[SourceQuality "1"]

1. e4 c5 2. Nf3 e6 3. d4 cxd4 4. Nxd4 a6 5. Bc4 Qc7 6. Bb3 b5 7. Nd2 Bb7 8. f3 Bc5 9. Nf1 Nc6 10. Be3 Qb6 11. c3 Na5 12. Bxe6 dxe6 13. b4 Nc6 14. bxc5 Qxc5 15. Nxe6 Qxc3+ 16. Bd2 Qe5 17. Nf4 Rd8 18. Nd5 Rxd5 19. Ne3 Rd3 20. 0-0 Nge7 21. Nf5 0-0 22. Qc2 Rfd8 23. Rad1 Qb8 24. Bf4 Qxf4 25. Nxe7+ Nxe7 26. Rxd3 Rc8 27. Qxc8+ 1-0

[Event "La Fere op 8th"]
[Site "La Fere"]
[Date "2009.07.06"]
[Round "3"]
[White "Poulain, Andre"]
[Black "Calonne, Pascal"]
[Result "1-0"]
[WhiteElo "1820"]
[BlackElo "1545"]
[PlyCount "96"]
[EventDate "2009.07.04"]
[EventType "swiss"]
[EventRounds "9"]
[EventCountry "FRA"]
[SourceTitle "CBM 131 Extra"]
[Source "ChessBase"]
[SourceDate "2009.09.03"]
[SourceVersion "2"]
[SourceVersionDate "2009.09.16"]
[SourceQuality "1"]

1. e4 c5 2. Nc3 e6 3. f4 d5 4. Bb5+ Bd7 5. Bxd7+ Qxd7 6. d3 b5 7. Nf3 b4 8. Nb1 dxe4 9. dxe4 Qxd1+ 10. Kxd1 Nc6 11. Be3 Nf6 12. Nbd2 Rd8 13. Ke2 Na5 14. b3 Rc8 15. Ne5 Nd7 16. Nec4 Nc6 17. e5 f6 18. Ne4 Rd8 19. exf6 gxf6 20. Rad1 e5 21. fxe5 fxe5 22. Ncd6+ Bxd6 23. Nxd6+ Ke7 24. Bg5+ Nf6 25. Bxf6+ Kxf6 26. Ne4+ Ke7 27. Rxd8 Rxd8 28. Nxc5 Nd4+ 29. Ke3 Rd5 30. Nd3 Nxc2+ 31. Ke2 a5 32. Rc1 Nd4+ 33. Ke3 Ne6 34. Rc4 Kd6 35. Rh4 Ng5 36. Rh5 e4 37. Nf2 Ke6 38. h4 Nf7 39. Rxd5 Kxd5 40. Nxe4 Ke5 41. g4 h6 42. Nd2 Nd6 43. Nf3+ Kf6 44. Nd4 Ke5 45. Nc6+ Kf6 46. Nxa5 Nb5 47. Nc6 Kg6 48. Nxb4 Nc3 1-0

[Event "La Fere op 8th"]
[Site "La Fere"]
[Date "2009.07.04"]
[Round "1"]
[White "Brelot, Loic"]
[Black "Calonne, Pascal"]
[Result "0-1"]
[WhiteElo "1756"]
[BlackElo "1545"]
[PlyCount "60"]
[EventDate "2009.07.04"]
[EventType "swiss"]
[EventRounds "9"]
[EventCountry "FRA"]
[SourceTitle "CBM 131 Extra"]
[Source "ChessBase"]
[SourceDate "2009.09.03"]
[SourceVersion "2"]
[SourceVersionDate "2009.09.16"]
[SourceQuality "1"]

1. d4 Nf6 2. e3 g6 3. Bd3 Bg7 4. f4 e6 5. Nf3 0-0 6. 0-0 b6 7. Nbd2 d5 8. Ne5 Ba6 9. Ndf3 c5 10. c3 Bxd3 11. Qxd3 c4 12. Qc2 Qe8 13. Nd2 b5 14. e4 a5 15. exd5 exd5 16. Rf3 Nc6 17. Rh3 Ne7 18. Ndf3 Qc8 19. Bd2 Ne4 20. Re1 f6 21. Ng4 Qxg4 22. Be3 Nf5 23. Bf2 Nxf2 24. Qxf2 Qxf4 25. Re6 Rfe8 26. Qe2 Rxe6 27. Qxe6+ Kf8 28. Rxh7 Qe3+ 29. Qxe3 Nxe3 30. Nh4 Kg8 0-1

[Event "La Fere op 7th"]
[Site "La Fere"]
[Date "2008.07.06"]
[Round "3"]
[White "Calonne, Pascal"]
[Black "Coquelle, Gilbert"]
[Result "0-1"]
[WhiteElo "1660"]
[BlackElo "1780"]
[PlyCount "109"]
[EventDate "2008.07.05"]
[EventType "swiss"]
[EventRounds "9"]
[EventCountry "FRA"]
[SourceTitle "CBM 125 Extra"]
[Source "ChessBase"]
[SourceDate "2008.09.01"]
[SourceVersion "1"]
[SourceVersionDate "2008.09.01"]
[SourceQuality "1"]

1. e4 e5 2. Nf3 Nc6 3. d4 exd4 4. Bc4 Be7 5. c3 d6 6. cxd4 Nf6 7. Nc3 0-0 8. 0-0 Bg4 9. Be2 h6 10. Re1 Re8 11. h3 Bh5 12. Bf4 Nh7 13. d5 Bxf3 14. Bxf3 Ne5 15. Bxe5 dxe5 16. Qb3 b6 17. Qb5 Ng5 18. Bg4 Bc5 19. Bd7 Rf8 20. Kh1 Bxf2 21. Rf1 Bd4 22. Rfe1 a6 23. Qc6 Nh7 24. Bg4 Nf6 25. Bf3 Qd6 26. Rab1 Qxc6 27. dxc6 Bxc3 28. bxc3 Rfd8 29. Red1 Kf8 30. Kg1 Ke7 31. Kf2 Rxd1 32. Rxd1 Rd8 33. Rxd8 Kxd8 34. Ke3 Ke7 35. Be2 a5 36. a4 Kd6 37. Bb5 Ng8 38. g4 Ne7 39. h4 f6 40. Kf3 Nxc6 41. Bc4 Kc5 42. Bf7 b5 43. axb5 Kxb5 44. Ke3 Kc5 45. Kd3 Ne7 46. h5 c6 47. Kc2 a4 48. Kb2 Nc8 49. Ka3 Nb6 50. Be6 Kb5 51. Kb2 Nc4+ 52. Kc2 a3 53. Kb3 Nd2+ 54. Kxa3 Nxe4 55. Kb3 0-1

[Event "Le Touquet op 22nd B"]
[Site "Le Touquet"]
[Date "2007.10.30"]
[Round "5.23"]
[White "Roelens, Stephane"]
[Black "Calonne, Pascal"]
[Result "1-0"]
[WhiteElo "1640"]
[BlackElo "1470"]
[PlyCount "41"]
[EventDate "2007.10.27"]
[EventType "swiss"]
[EventRounds "9"]
[EventCountry "FRA"]
[SourceTitle "EXT 2024"]
[Source "ChessBase"]
[SourceDate "2023.10.10"]
[SourceVersion "1"]
[SourceVersionDate "2023.10.10"]
[SourceQuality "1"]

1. e4 c5 2. f4 Nc6 3. Nf3 e6 4. c3 g6 5. d4 cxd4 6. cxd4 d6 7. Bb5 a6 8. Ba4 b5 9. Bb3 Bb7 10. d5 exd5 11. Qxd5 Qe7 12. Ng5 Nd8 13. Qd4 Qf6 14. e5 dxe5 15. fxe5 Qe7 16. 0-0 Bg7 17. Qf2 Nh6 18. Bf4 0-0 19. Nd2 Ng4 20. Qh4 Nxe5 21. Qxh7# 1-0